000 00553nam a22002177a 4500
003 UA-OsUOA
001 118865
007 ta
008 20160926b un ||||| |||| 00| 0 ukr d
100 _aДубровик-Рохова А.
090 _a32
_bД79
942 _cSA
040 _aUA-OsUOA
_bfre
_cUA-OsUOA
_dUA-OsUOA
245 _aДонбас отримав безпрецедентний бюджет розвитку
300 _aС.8
955 _a0
041 _afre
080 _a32
773 0 _w118864
650 7 _a32 Політика
_2UDC
999 _c404980
_d404980